000 00589nam a2200253Ia 4500
005 20260121114308.0
008 008 260114s9999 xx 000 0 eng d
020 _a9781119818038
037 _aEBOOK
040 _aCRL
040 _beng
040 _cCRL
041 _2eng
041 _aeng
084 _qCRL
100 _aGuy Jacques
_9973249
245 0 _aOceans - Evolving Concepts
260 _bWiley
260 _c2021
856 _uhttps://onlinelibrary.wiley.com/doi/book/10.1002/9781119818038
942 _cEBOOK
999 _c1552503
_d1552503